Ján Turan: Taška Janka Hraška

Bibliographic Details
Main Author: Jankajová, Marta (Author)
Format: Article
Language:Slovak
ISSN:1335-7263
Subjects:

MARC

LEADER 00000nab a2200000 a 4500
001 vtls009168685
003 SK-MaSNL
005 20260303234647.0
008 140429c2007 xo |||| |o| 000 b|slo
015 |a SNBRB2007/12  |2 snkbucl 
038 |a SNKBUCL 
040 |a SNKBUCL  |b slo  |c SNKBUCL  |e AACR2 
041 0 |a slo 
044 |a xo  |c SK 
080 |a 82.09:821.162.4-93  |x (048)  |2 1997 
080 |a 821.162.4-32(0.053.2)  |x (048)  |2 1997 
080 |a 821.162.4-93  |x (048)  |2 1997 
080 |a 821.162.4-1(0.053.2)  |x (048)  |2 1997 
100 1 |a Jankajová, Marta  |4 aut  |9 243541 
245 1 0 |a Ján Turan: Taška Janka Hraška  |c Marta Jankajová 
650 0 7 |a rečňovanky, slovenské  |x recenzie  |2 snkbucl  |9 852954 
650 0 7 |a hádanky, slovenské  |x recenzie  |2 snkbucl  |9 1057627 
650 0 7 |a príbehové prózy, slovenské  |x recenzie  |2 snkbucl  |9 70426 
655 7 |a recenzie  |2 snkbucl  |9 21907 
773 0 |t Bibiana  |g Roč. XIV, č. 3 (2007), s. 62-63  |x 1335-7263 
787 0 8 |i Rec.:  |a Turan, Ján, 1932-  |t Taška Janka Hraška  |d Bratislava : Mladé letá, 2006  |z 8010008850 
852 |a SNK  |b KIS3GCP 
958 |a RC 
958 |a LX 
958 |a SK 
999 |c 2521949  |d 2523879